Materiales para el estudio de las relaciones inter-étnicas en la Guajira, siglo XVIII: documentos y mapas

Na minha lista:
Detalhes bibliográficos
Main Authors: Moreno, P. Josefina (autora), Tarazona, Alberto (Author)
Formato: Livro
Idioma:espanhol
Publicado em: Caracas Fuentes para la Historia Colonial de Venezuela 1984
Colecção:Biblioteca de la Academia Nacional de la Historia, 167
Assuntos:
Tags: Adicionar Tag
Sem tags, seja o primeiro a adicionar uma tag!

MARC

LEADER 00000nam a2200000 a 4500
001 UCS9224
003 CL-VaPUC
008 971113e19840000VE |||||||||||||||||spa|d
082 0 4 |a 987.03  |b MOR  |2 21 
100 |a Moreno, P. Josefina  |e autora  |9 394332 
700 0 |a Tarazona, Alberto  |e author  |9 394333 
245 1 0 |a Materiales para el estudio de las relaciones inter-étnicas en la Guajira, siglo XVIII: documentos y mapas 
300 |a 336 p 
942 |c BK 
945 |d 19971113 00:00:00  |a cmena 
260 |a Caracas  |b Fuentes para la Historia Colonial de Venezuela  |c 1984 
650 0 |a Historia venezolana  |9 393448 
650 0 |a Epoca colonial   |9 352022 
650 0 |a Correspondencia  |9 258963 
650 7 |a CORREO EPISTOLAR  |2 CL-VaPUC  |9 346022 
650 0 |a Fuerzas Armadas  |9 255504 
650 0 |a Derecho Indiano  |9 256266 
650 0 |a Descubrimientos geográficos  |9 331933 
650 7 |a CEDULARIO  |2 CL-VaPUC  |9 394334 
650 0 |a Iglesia y Estado  |9 254995 
650 0 |a Etnografía   |9 309735 
650 7 |a INDIOS  |2 CL-VaPUC  |9 258588 
650 0 |a Jurisprudencia  |9 255952 
650 0 |a Derecho privado  |9 258243 
650 0 |a Delitos  |9 224143 
651 7 |a GUAJIRA  |2 CL-VaPUC  |9 394335 
651 7 |a NUEVA GRANADA  |2 CL-VaPUC  |9 394336 
583 |a last modification  |c 19971113 00:00:00  |k Rodrigo Vera 
490 0 |a Biblioteca de la Academia Nacional de la Historia, 167 
999 |c 263217  |d 263215 
952 |0 0  |1 0  |4 0  |6 987_030000000000000_MOR_1984  |7 0  |8 DER_HDC  |9 292398  |a BIBDER  |b BIBDER  |d 2019-11-19  |i 1904175  |o 987.03 MOR 1984  |p 1904175  |r 2023-01-25  |w 2019-11-19  |x Ubicación 4to Piso  |y BK  |z Estos recursos deben solicitarse con anticipación  |k DER